Liverpool FC Squad 2021-2022 - Statistics

General Stats
  • This quiz has been taken 6,002 times
    5,307 since last reset
  • The average score is 24 of 30
Answer Stats
# Position Nation Player % Correct
1 GK Brazil Alisson Becker
98%
11 FW Egypt Mohamed Salah
98%
4 DF Netherlands Virgil van Dijk
98%
10 FW Senegal Sadio Mané
97%
9 FW Brazil Roberto Firmino
94%
26 DF Scotland Andrew Robertson
92%
3 MF Brazil Fabinho
92%
5 DF France Ibrahima Konaté
92%
14 MF England Jordan Henderson
92%
20 FW Portugal Diogo Jota
91%
6 MF Spain Thiago Alcántara
91%
66 DF England Trent Alexander-Arnold
90%
- Coach Germany Jürgen Klopp
89%
23 FW Colombia Luis Díaz
88%
32 DF Cameroon Joel Matip
86%
8 MF Guinea Naby Keïta
85%
18 FW Japan Takumi Minamino
83%
7 MF England James Milner
82%
12 DF England Joe Gomez
81%
21 DF Greece Konstantinos Tsimikas
81%
27 FW Belgium Divock Origi
78%
13 GK Spain Adrián San Miguel
77%
62 GK Ireland Caoimhin Kelleher
74%
17 MF England Curtis Jones
74%
22 GK Germany Loris Karius
69%
67 FW England Harvey Elliott
64%
15 MF England Alex Oxlade-Chamberlain
59%
47 DF England Nathaniel Phillips
51%
76 DF Wales Neco Williams
51%
46 DF England Rhys Williams
50%
No matching quizzes found
Score Distribution
Percent of People with Each Score
Percentile by Number Answered
Your Score History
You have not taken this quiz since the last reset